Kormányfőink figyelmébe kutya kötelességük a felgyülemlett gondokra gyógyírt keresni, mert azért fizetjük őket

Podrobná bibliografia
Hlavný autor: Lovász, Attila, 1963- (Autor)
Médium: Článok
Jazyk:maďarčina
ISSN:1335-7050
Predmet:

MARC

LEADER 00000nab a2200000 ar4500
001 vtls009301831
003 SK-MaSNL
005 20260318122821.0
008 080606c20080520xo |||||||| 000 b|hun
015 |a SNBRB2008/06  |2 snkbucl 
038 |a SNKBUCL 
040 |a DSZK  |b slo  |c DSZK  |e AACR2 
041 0 |a hun 
044 |a xo  |c SK 
080 |a 323.1  |x (437.6:439)  |2 1997 
100 1 |a Lovász, Attila,  |d 1963-  |4 aut  |9 267232 
245 1 0 |a Kormányfőink figyelmébe  |b kutya kötelességük a felgyülemlett gondokra gyógyírt keresni, mert azért fizetjük őket  |c Lovász Attila 
600 1 7 |a Fico, Robert,  |d 1964-  |2 snkbucl  |9 13683 
600 1 7 |a Gyurcsány, Ferenc,  |d 1961-  |2 snkbucl  |9 106893 
650 0 7 |a medzinárodné vzťahy  |2 SNKPH  |9 3690 
651 7 |a Slovensko  |2 SNKPHgeo  |9 14231 
651 7 |a Maďarsko  |2 SNKPHgeo  |9 16754 
655 7 |a komentáre  |2 SNKPHgeo  |9 70412 
773 0 |t Új szó  |g Évf. 61, sz. 116 (20.5.2008), o. 7  |x 1335-7050 
852 |a SNK  |b KIS3GCP 
852 |a DSZK  |b KIS3GCP 
958 |a HU 
958 |a SK 
999 |c 3159513  |d 3161443